ბათუმის შოთა რუსთაველის სახელმწიფო უნივერსიტეტის ბიბლიოთეკა

ეთნოკულტურული მრავალფეროვნება და ინტერკულტურული კომუნიკაცია საქართველოში : (ბიბ.ჩანაწერი № 63721)

000 -ლიდერი
ფიქსირებული სიგრძის საკონტროლო ველი 01926nam a22002657a 4500
003 - საკონტროლო ნომრის იდენტიფიკატორი
საკონტროლო ველი Ge_BSU
005 - ბოლო ოპერაციის თარიღი და დრო
საკონტროლო ველი 20251215191812.0
008 - ფიქსირებული სიგრძის მონაცემთა ელემენტები - ზოგადი ინფორმაცია
ფიქსირებული სიგრძის საკონტროლო ველი 251215s2021 ge ||||| |||| 00| 0 geo d
020 ## - წიგნის საერთაშორისო სტანდარტული ნომერი
International Standard Book Number 9789941975004
041 ## - ენის კოდი
Language code of text/sound track or separate title geo
080 ## - უნივერსალური ათობითი კლასიფიკაციის ინდექსი
Universal Decimal Classification number 39(479.22)(06) :323.15.1(479.22)(063) ე-41
245 ## - ცნობა სათაურის შესახებ
Title ეთნოკულტურული მრავალფეროვნება და ინტერკულტურული კომუნიკაცია საქართველოში :
Remainder of title (საერთაშორისო კონფერენციის მოხსენებათა კრებული) /
Statement of responsibility, etc რედაქტორი: ქეთევან ხუციშვილი, მირიან ხოსიტაშვილი.
264 ## - წარმოების, გამოცემის, დისტრიბუციის და სხვა ცნობები
გამოცემის, წარმოების, დისტრიბუციის... ადგილი თბილისი :
გამოცემის, წარმოების, დისტრიბუციის... სახელწოდება საქართველოს პარლამენტის ეროვნული ბიბლიოთეკა,
გამოცემის, წარმოების, დისტრიბუციის... თარიღი 2021.
300 ## - ფიზიკური აღწერა
Extent 318 გვ. ;
Other physical details 20 სმ.
500 ## - ზოგადი შენიშვნა
General note რამოდენიმე მოხსენება ინგლისურ ენაზე.
504 ## - BIBLIOGRAPHY, ETC. NOTE
Bibliography, etc ბიბლიოგრაფია მოხსენებების ბოლოს.
653 ## - INDEX TERM--UNCONTROLLED
Uncontrolled term საქართველოს ეთნოგრაფია
653 ## - INDEX TERM--UNCONTROLLED
Uncontrolled term ეთნიკური უმცირესობები საქართველოში.
700 ## - ADDED ENTRY--PERSONAL NAME
Personal name Carole, Faucher
Relator term ავტორი
9 (RLIN) 26514
700 ## - ADDED ENTRY--PERSONAL NAME
Personal name ხოსიტაშვილი, მირიან
Relator term ავტორი,რედაქტორი
9 (RLIN) 26515
700 ## - ADDED ENTRY--PERSONAL NAME
Personal name ჩოჩიშვილი, დავით
Relator term ავტორი
9 (RLIN) 26516
700 ## - ADDED ENTRY--PERSONAL NAME
Personal name კაკიტელაშვილი, ქეთევან
Relator term ავტორი
9 (RLIN) 16657
700 ## - ADDED ENTRY--PERSONAL NAME
Personal name კალანდია, გიორგი და სხვ.
Relator term ავტორი
9 (RLIN) 26517
942 ## - ADDED ENTRY ELEMENTS (KOHA)
Source of classification or shelving scheme
Koha item type წიგნი
ეგზემპლარები
ჩამოწერის სტატუსი დაკარგული ეგზემპლარის სტატუსი კლასიფიკაციის წყარო ან თაროზე გაწყობის სქემა დაზიანების სტატუსი არ გაიცემა მუდმივი მდებარეობა (დაცვის ადგილი) ამჟამინდელი ადგილსამყოფელი თაროზე განთავსების ადგილი შეძენის თარიღი ღირებულება, შესყიდვის ნორმალური ფასი სრული შენახვის შიფრი შტრიხკოდი ბოლო ოპერაციის თარიღი ეგზემპლარის მიმდევრობითი ნომერი (კეტერი?) Uniform Resource Identifier ფასის ძალაში შესვლის თარიღი ეგზემპლარის სახეობა საჯარო შენიშვნა
          ბათუმის შოთა რუსთაველის სახელმწიფო უნივერსიტეტის მთავარი ბიბლიოთეკა ბათუმის შოთა რუსთაველის სახელმწიფო უნივერსიტეტის მთავარი ბიბლიოთეკა წიგნსაცავი 2025-12-15 15.00 39(479.22)(06) :323.15.1(479.22)(063) ე-41 73276 2025-12-15 73276 საჩუქარი საქართველოს ეროვნული ბიბლიოთეკისაგან 2025-12-15 წიგნი 15 ლ.